000
00343nam a2200145Ia 4500
003
OSt
005
20240229163737.0
008
170524s9999 xx 000 0 und d
020
_a
9788173919771
040
_c
IIMT UNIVERSITY
100
_a
manisha devadi
245
0
_a
radio patrkarita ka siddhant
260
_b
KANISHKA PUB.
942
_2
ddc
_c
02
999
_c
9170
_d
9170